Odgadnij piłkarza po fryzurze! #2 - Statystyki

Ogólne statystyki
  • Ten quiz został rozwiązany 99 razy
  • Średni wynik to 7 z 12
Statystyki odpowiedzi
Obrazkowy Odpowiedź % Poprawnych
Gareth Bale
91%
Marcelo
87%
Kylian Mbappe
78%
Luis Suarez
77%
Jack Grealish
73%
Keylor Navas
63%
David Beckham
57%
Leonardo Bonucci
45%
Pierre-Emerick Aubameyang
43%
Łukasz Piszczek
21%
Victor Valdes
19%
Sergio Ramos
14%
Nie znaleziono quizów pasujących do podanych kryteriów
Rozkład punktacji
Procent ludzi z każdym wynikiem
Percentyl według liczby udzielonych odpowiedzi
Twoja historia wyników
Nie rozwiązałeś tego quizu